000
00217nam a2200097Ia 4500
008
120527s9999 xx 000 0 und d
100
_a
CARRUTHERS, Lan
245
_a
Tools for Agriculture
260
_b
I.T
942
_c
BK
999
_c
25158
_d
25158